<?xml version="1.0" encoding="UTF-8"?><?xml-stylesheet type="text/xsl" href="static/style.xsl"?><OAI-PMH xmlns="http://www.openarchives.org/OAI/2.0/" xmlns:xsi="http://www.w3.org/2001/XMLSchema-instance" xsi:schemaLocation="http://www.openarchives.org/OAI/2.0/ http://www.openarchives.org/OAI/2.0/OAI-PMH.xsd"><responseDate>2026-04-17T06:37:04Z</responseDate><request verb="GetRecord" identifier="oai:www.recercat.cat:2445/133349" metadataPrefix="marc">https://recercat.cat/oai/request</request><GetRecord><record><header><identifier>oai:recercat.cat:2445/133349</identifier><datestamp>2025-12-05T05:57:27Z</datestamp><setSpec>com_2072_1057</setSpec><setSpec>col_2072_478917</setSpec><setSpec>col_2072_478919</setSpec></header><metadata><record xmlns="http://www.loc.gov/MARC21/slim" xmlns:dcterms="http://purl.org/dc/terms/" xmlns:xsi="http://www.w3.org/2001/XMLSchema-instance" xmlns:doc="http://www.lyncode.com/xoai" xsi:schemaLocation="http://www.loc.gov/MARC21/slim http://www.loc.gov/standards/marcxml/schema/MARC21slim.xsd">
   <leader>00925njm 22002777a 4500</leader>
   <datafield ind2=" " ind1=" " tag="042">
      <subfield code="a">dc</subfield>
   </datafield>
   <datafield ind2=" " ind1=" " tag="720">
      <subfield code="a">Pons Cardell, M. Àngels</subfield>
      <subfield code="e">author</subfield>
   </datafield>
   <datafield ind2=" " ind1=" " tag="720">
      <subfield code="a">Fontanals Albiol, Hortènsia, 1956-</subfield>
      <subfield code="e">author</subfield>
   </datafield>
   <datafield ind2=" " ind1=" " tag="720">
      <subfield code="a">Sarrasí Vizcarra, Francisco Javier</subfield>
      <subfield code="e">author</subfield>
   </datafield>
   <datafield ind2=" " ind1=" " tag="720">
      <subfield code="a">Sucarrats Antonell, Ana Ma.</subfield>
      <subfield code="e">author</subfield>
   </datafield>
   <datafield ind2=" " ind1=" " tag="260">
      <subfield code="c">2019-05-17T10:31:04Z</subfield>
   </datafield>
   <datafield ind2=" " ind1=" " tag="260">
      <subfield code="c">2019-05-17T10:31:04Z</subfield>
   </datafield>
   <datafield ind2=" " ind1=" " tag="260">
      <subfield code="c">2018-06</subfield>
   </datafield>
   <datafield ind2=" " ind1=" " tag="260">
      <subfield code="c">2019-05-17T10:31:04Z</subfield>
   </datafield>
   <datafield ind2=" " ind1=" " tag="520">
      <subfield code="a">En este trabajo se analiza el nivel de éxito en la asignatura de Matemáticas II, del grado de Administración y Dirección de Empresas y de Economía, de la Facultad de Economía y Empresa de la Universidad de Barcelona. El periodo analizado comprende los tres últimos cursos académicos. Matemáticas II es una asignatura troncal en la que se matriculan cada curso aproximadamente unos 1.600 estudiantes, repartidos en 20 grupos de docencia. Su evaluación continua se estructura en un mínimo de dos pruebas parciales, que lleva a cabo cada profesor, y en un examen final tipo test, único para todos los estudiantes. El objetivo que se persigue es motivar a los estudiantes aumentado el número de pruebas de evaluación continua a realizar. El reto es llevarlo a cabo en grupos numerosos. Por ello, desde hace tres cursos, y para cuatro grupos, se ha realizado una prueba piloto aumentando el número de pruebas de la evaluación continua mediante la aplicación, Socrative, que permite, de forma inmediata, la recogida de respuestas y la corrección y calificación de la prueba. Al realizar más pruebas se crea una rutina de trabajo, aumentando la motivación de los estudiantes y consecuentemente su calificación final.</subfield>
   </datafield>
   <datafield tag="653" ind2=" " ind1=" ">
      <subfield code="a">Ensenyament de la matemàtica</subfield>
   </datafield>
   <datafield tag="653" ind2=" " ind1=" ">
      <subfield code="a">Campus virtuals</subfield>
   </datafield>
   <datafield tag="653" ind2=" " ind1=" ">
      <subfield code="a">Innovacions educatives</subfield>
   </datafield>
   <datafield tag="653" ind2=" " ind1=" ">
      <subfield code="a">Mathematics education</subfield>
   </datafield>
   <datafield tag="653" ind2=" " ind1=" ">
      <subfield code="a">Virtual campuses</subfield>
   </datafield>
   <datafield tag="653" ind2=" " ind1=" ">
      <subfield code="a">Educational innovations</subfield>
   </datafield>
   <datafield ind2="0" ind1="0" tag="245">
      <subfield code="a">Nivel de éxito en matemáticas con nuevas tecnologías</subfield>
   </datafield>
</record></metadata></record></GetRecord></OAI-PMH>